[Event "Africa-ch U2000"]
[Site "Mombasa"]
[Date "2022.12.02"]
[Round "8"]
[White "Hugh, Misiko Okonga"]
[Black "Abdallah, Hessin Humad"]
[Result "0-1"]
[WhiteElo "1785"]
[BlackElo "1889"]
[PlyCount "64"]
[EventDate "2022.11.27"]
[EventType "swiss"]
[EventRounds "9"]
[EventCountry "KEN"]
[SourceTitle "EXT 2024"]
[Source "ChessBase"]
[SourceDate "2023.10.10"]
[SourceVersion "1"]
[SourceVersionDate "2023.10.10"]
[SourceQuality "1"]

1. e4 d6 2. Nc3 e5 3. Bc4 Nf6 4. f4 c6 5. fxe5 dxe5 6. Nf3 Bc5 7. d3 a6 8. Qe2 Ng4 9. Rf1 Qc7 10. Bb3 0-0 11. h3 Nf6 12. Be3 Nbd7 13. g4 a5 14. g5 Nh5 15. Bxc5 Nxc5 16. Qf2 Nxb3 17. axb3 Bxh3 18. Rh1 Bg4 19. Nh2 Be6 20. Qh4 g6 21. Nf1 f6 22. 0-0-0 b5 23. Ne3 a4 24. Rdg1 a3 25. gxf6 axb2+ 26. Kxb2 Qa7 27. Na4 Nf4 28. Nf5 Bxf5 29. exf5 bxa4 30. fxg6 Nxg6 31. Rxg6+ hxg6 32. f7+ Kxf7 0-1

[Event "Africa-ch U2000"]
[Site "Mombasa"]
[Date "2022.11.30"]
[Round "5"]
[White "Hassaballa, Ahmed Hassaballa"]
[Black "Abdallah, Hessin Humad"]
[Result "0-1"]
[WhiteElo "1890"]
[BlackElo "1889"]
[PlyCount "29"]
[EventDate "2022.11.27"]
[EventType "swiss"]
[EventRounds "9"]
[EventCountry "KEN"]
[SourceTitle "EXT 2024"]
[Source "ChessBase"]
[SourceDate "2023.10.10"]
[SourceVersion "1"]
[SourceVersionDate "2023.10.10"]
[SourceQuality "1"]

1. c4 d6 2. Nc3 Nf6 3. Nf3 e5 4. g3 c6 5. Bg2 Qc7 6. d3 h6 7. Rb1 Be7 8. b4 Nbd7 9. Qc2 Rb8 10. a4 d5 11. Nd2 a5 12. b5 Bb4 13. 0-0 Nb6 14. Na2 c5 15. cxd5 0-1